书目信息 |
| 题名: |
民谣吉他实用技巧
|
|
| 作者: | 刘天礼 , 李海涛 编著 | |
| 分册: | ||
| 出版信息: | 北京 同心出版社 2002 |
|
| 页数: | 158页 | |
| 开本: | 28cm | |
| 丛书名: | ||
| 单 册: | ||
| 中图分类: | J623.2 | |
| 科图分类: | ||
| 主题词: | 六弦琴--奏法 | |
| 电子资源: | ||
| ISBN: | 7-80593-625-0 | |
| 000 | 00759nam0 2200229 45 | |
| 001 | 012002057254 | |
| 005 | 20050225092709.2 | |
| 010 | @a7-80593-625-0@dCNY15.80 | |
| 100 | @a20020716d2002 em y0chiy0110 ea | |
| 101 | 0 | @achi |
| 102 | @aCN@b110000 | |
| 105 | @aag z 000yy | |
| 200 | 1 | @a民谣吉他实用技巧@Amin yao ji ta shi yong ji qiao@f刘天礼,李海涛编著@FLiu Tian Li,Li Hai Tao Bian Zhu |
| 210 | @a北京@c同心出版社@d2002 | |
| 215 | @a158页@c图片,乐谱@d28cm | |
| 330 | @a本书介绍了民谣吉他的技巧,包括连音、滑音、波音、颤音、回音、闷音、泛音、切音等,并进行塞戈维亚音阶练习。 | |
| 606 | 0 | @a六弦琴@x奏法 |
| 690 | @aJ623.2@v4 | |
| 701 | 0 | @a刘天礼@4编著 |
| 701 | 0 | @a李海涛@4编著 |
| 801 | 0 | @aCN@bNLC@c20020723 |
| 905 | @b343712-716@dJ623.2@e132@f5 | |
| 民谣吉他实用技巧/刘天礼,李海涛编著.-北京:同心出版社,2002 |
| 158页:图片,乐谱;28cm |
| ISBN 7-80593-625-0:CNY15.80 |
| 本书介绍了民谣吉他的技巧,包括连音、滑音、波音、颤音、回音、闷音、泛音、切音等,并进行塞戈维亚音阶练习。 |
| ● |
| 相关链接 |
|
|
|
|
正题名:民谣吉他实用技巧
索取号:J623.2/132
 
预约/预借
| 序号 | 登录号 | 条形码 | 馆藏地/架位号 | 状态 | 备注 |
| 1 | 0343712 | 203437129 | 第一样本阅览室/ [索取号:J623.2/132] | 在馆 | |
| 2 | 0343713 | 203437138 | 第一借阅区/ [索取号:J623.2/132] | 在馆 | |
| 3 | 0343714 | 203437147 | 第一借阅区/ [索取号:J623.2/132] | 在馆 | |
| 4 | 0343715 | 203437156 | 第一借阅区/ [索取号:J623.2/132] | 在馆 | |
| 5 | 0343716 | 203437165 | 第一借阅区/ [索取号:J623.2/132] | 在馆 |